000 00614nam a22002177a 4500
003 UA-OsUOA
001 68734
007 ta
008 20100514b un ||||| |||| 00| 0 ukr d
100 _aПерепічка П.
090 _a330(4770
_bП27
942 _cSA
040 _aUA-OsUOA
_bukr
_cUA-OsUOA
_dUA-OsUOA
245 _aНецільове використання бюджетних коштів
300 _aС.18-24
955 _a0
041 _aukr
080 _a330(4770
773 0 _w68733
_tФінансовий контроль
_dК.
_d2010
_g3
650 7 _a330 Економіка взагалі
_2UDC
999 _c354992
_d354992